000 00982nam a2200205Ii 4500
003 JO-AjNU
008 230605s9999||||xx |||||||||||||| ||und||
040 _aJO-AjNU
_bara
_erda
_cJO-AjNU
041 _aara
050 1 4 _aHD 2741 2013
100 3 _aاعداد احمد، سامح محمد رضا رياض,
_eauthor
_952055
245 0 0 _aدور حوكمة الشركات في تحسين التقارير المالية للحد من الازمات المالية : دليل من مصر
264 3 1 _aالقاهرة: المنظمة العربية للتنمية الادارية، 2013
300 _a52ص
_bيحتوي على ببلوغرافية واسماء الشركات الصناعية من 40-52ص
336 _atext
_btxt
_2rdacontent
337 _aunmediated
_bn
_2rdamedia
338 _avolume
_bnc
_2rdacarrier
490 0 _aاصدار خاص عن المجلة العربية للادارة
650 4 _aحوكمة الشركات - التقارير المالية
_952056
999 _aA23036
_c26604
_d26604